Statystyki dla Zdobywcy Złotej Piłki Mundiali

Kliknij tutaj aby rozwiązać quiz!

Ogólne statystyki

  • Ten quiz został rozwiązany 70 razy
  • Średni wynik to 11 z 22

Statystyki odpowiedzi

RokZawodnikKrajPozycja% Poprawnych
2022Lionel MessiArgentynaPomocnik
100%
2014Lionel MessiArgentynaPomocnik
100%
2018Luka ModricChorwacjaPomocnik
100%
1998RonaldoBrazyliaNapastnik
89%
2006Zinedine ZidaneFrancjaPomocnik
81%
1970PeleBrazyliaNapastnik
78%
1986Diego MaradonaArgentynaNapastnik
76%
2010Diego ForlanUrugwajNapastnik
73%
2002Oliver KahnNiemcyBramkarz
73%
1954Ferenc PuskasWęgryNapastnik
57%
1974Johan CruyffHolandiaNapastnik
57%
1994RomarioBrazyliaNapastnik
49%
1962GarrinchaBrazyliaSkrzydłowy
40%
1966Bobby CharltonAngliaPomocnik
37%
1982Paolo RossiWłochyNapastnik
35%
1978Mario KempesArgentynaPomocnik
30%
1938LeonidasBrazyliaNapastnik
16%
1934Giuseppe MeazzaWłochyŁącznik
13%
1990Salvatore SchillaciWłochyNapastnik
11%
1958DidiBrazyliaPomocnik
8%
1950ZizinhoBrazyliaŁącznik
5%
1930Jose NasazziUrugwajObrońca
2%

Rozkład punktacji

Percentyl według liczby udzielonych odpowiedzi

Procent ludzi z każdym wynikiem

Twoja historia wyników

Nie rozwiązałeś tego quizu